000 00540nam a22001817a 4500
999 _c529180
_d529180
003 NUST
005 20190920154128.0
008 150409b xxu||||| |||| 00| 0 eng d
038 _aMSOHAIL
040 _cLIBRARY
082 _a0
100 _aGhazanvi, Khalid
_921031
245 _aدل کی بیماریاں اور علاجِ نبوّیﷺ............... Dil ke bemarian aur Elaj-e-Nabvi
260 _aLahore:
_bAl Faisal Nashran,
_cc2011
300 _a400 p. :
_c22 cm.
650 _aTib e Nabvi
_xGeneral
_921032
942 _2ddc
_cBK